Factores que influyen en la desnutrición de los niños de 0 a 5 años en la Fundación Centro desarrollo integral de Cartagena en el año 2022.. / (Registro nro. 4609)

Detalles MARC
000 -LEADER
fixed length control field 01914nam a2200265 4500
005 - DATE AND TIME OF LATEST TRANSACTION
control field 20250329165444.0
008 - FIXED-LENGTH DATA ELEMENTS--GENERAL INFORMATION
fixed length control field 190415s2023 000 0 eng d
040 ## - CATALOGING SOURCE
Original cataloging agency CO-CtgCURN
Language of cataloging spa
Transcribing agency coctgcurn
082 0# - DEWEY DECIMAL CLASSIFICATION NUMBER
Classification number INQ 2023
Item number A639
100 1# - MAIN ENTRY--PERSONAL NAME
Personal name Martínez Aparicio Jiménez, Deyanira.
245 10 - TITLE STATEMENT
Title Factores que influyen en la desnutrición de los niños de 0 a 5 años en la Fundación Centro desarrollo integral de Cartagena en el año 2022.. /
Statement of responsibility, etc. Deyanira Martínez Aparicio Jiménez; Katlyn J. Pérez Bustamante; Alejandra Primera Aycardi; Sheila Quintana Villadiego; asesores: Karina Barakat Niño; Jaime Lorduy Gomez.
260 ## - PUBLICATION, DISTRIBUTION, ETC.
Place of publication, distribution, etc. Cartagena de Indias :
Name of publisher, distributor, etc. Corporación Universitaria Rafael Nuñez,
Date of publication, distribution, etc. 2023.
300 ## - PHYSICAL DESCRIPTION
Extent 106 hojas.
504 ## - BIBLIOGRAPHY, ETC. NOTE
Bibliography, etc. note Trabajo de grado (Instrumentación quirúrgica). Corporación Universitaria Rafael Nuñez. Facultad de Ciencias de la Salud. Instrumentación Quirúrgica, 2023.
520 ## - SUMMARY, ETC.
Summary, etc. " La desnutrición se concibe como enfermedad de origen social siendo la expresión última de la situación de inseguridad alimentaria y nutricional de una población, que afecta principalmente a los niños y a las niñas. Se caracteriza por un deterioro de la composición corporal y alteración sistemática de las funciones orgánicas y psicosociales que en algunos casos son irreversibles."
650 #0 - SUBJECT ADDED ENTRY--TOPICAL TERM
Topical term or geographic name entry element Instrumentación quirúrgica
Form subdivision Tesis y disertaciones academicas.
700 1# - ADDED ENTRY--PERSONAL NAME
Personal name Pérez Bustamante, Katlyn J.
700 1# - ADDED ENTRY--PERSONAL NAME
Personal name Primera Aycardi, Alejandra.
700 1# - ADDED ENTRY--PERSONAL NAME
Personal name Quintana Villadiego,Sheila.
700 1# - ADDED ENTRY--PERSONAL NAME
Personal name Lorduy Gómez, Jaime,
Relator term director.
700 1# - ADDED ENTRY--PERSONAL NAME
Personal name Barakat Niño, Karina,
Relator term director.
856 ## - ELECTRONIC LOCATION AND ACCESS
Uniform Resource Identifier <a href="https://unicurn.sharepoint.com/:b:/s/biblioteca/Ea6sJXa3NoRJjklSP3-H_HAB9xoLA_voCHcFEvUPT3Yn7w?e=voYJbS">https://unicurn.sharepoint.com/:b:/s/biblioteca/Ea6sJXa3NoRJjklSP3-H_HAB9xoLA_voCHcFEvUPT3Yn7w?e=voYJbS</a>
Public note Click aqui para ver el recurso en texto completo
942 ## - ADDED ENTRY ELEMENTS (KOHA)
Source of classification or shelving scheme Dewey Decimal Classification
Koha item type Trabajos de grado
Classification part INQ 2023
Item part A639
Existencias
Withdrawn status Lost status Source of classification or shelving scheme Damaged status Not for loan Collection Home library Current library Shelving location Date acquired Source of acquisition Cost, normal purchase price Inventory number Total checkouts Full call number Barcode Date last seen Price effective from Koha item type
    Dewey Decimal Classification     Trabajos de grado Miguel Henríquez Emiliani Miguel Henríquez Emiliani Trabajo de grado 06/01/2019 El autor 350000.00 019093   INQ 2023 A639 019093 06/20/2019 06/20/2019 Trabajos de grado